Estadísticas para 15 principales países con muertes de Covid-19 - 29 de diciembre 2021

Haz click aquí para intentar la prueba.

Estadísticas generales

  • Esta prueba ha sido intentada 3 veces
  • La puntuación promedio es 17 de 27

Estadísticas de respuestas

país% Correcto
Alemania
100%
Argentina
100%
Brasil
100%
Estados Unidos
100%
Francia
100%
India
100%
Italia
100%
México
100%
Reino Unido
100%
Rusia
100%
Colombia
67%
Eslovaquia
67%
Eslovenia
67%
Hungría
67%
Indonesia
67%
Irán
67%
Perú
67%
Rumania
67%
Bulgaria
33%
Chequia
33%
Croacia
33%
Lituania
33%
Armenia
0%
Bosnia y Herzegovina
0%
Georgia
0%
Macedonia del Norte
0%
Ucrania
0%

Distribución de puntuación

Porcentaje por número respondido

Porcentaje de gente con cada puntuación

Historial de tus puntuaciones

No has intentado esta prueba.